000 00534nam a2200205 a 4500
001 BRCA_6168
005 20190320205346.0
008 070711s1919----gw-#######---#000-0#ger-#
041 _ager
044 _agw
050 4 _aPT8128
_b.H45 1919
100 1 _aGjellerup, Karl Adolph
_d1857-1919
_915430
245 1 0 _aDas heiligste Tier
_cKarl Gjellerup.
260 _aLeipzig, Alemania
_bQuelle & Meyer
_c1919
300 _axii, 378 p.
_c19 cm.
500 _aK51
650 1 4 _aLiteratura danesa
_96168
902 _aGFM
942 _2lcc
_cB
999 _c5855
_d5855